000 01178nam a2200289 a 4500
001 BRCA_8416
005 20190320210254.0
008 010715s2014----sp-a######---#000-0#spa-#
020 _a9788494006166
041 _aspa
044 _asp
050 4 _aND202.2
_b.P56 2014
245 1 0 _aPintura en Hispanoamérica
_b1550-1820
_cedición de Luisa Elena Alcalá y Jonathan Brown ; con textos de Jaime Cuadriello, Eduardo de J. Douglas, Ilona Katzew, Hiroshige Okada y Luis Eduardo Wuffarden.
260 _aMadrid
_bEl Viso
_c2014
300 _a477 p.
_bil. a color, mapas
_c30 cm.
500 _aIncluye índice de nombres e índice de ilustraciones
500 _aIncluye piezas de la colección Franz Mayer: p. 63 y 114
504 _aBibliografía : p. 437-461
650 1 4 _aPintura colonial
_xTemas, motivos
_zAmérica Latina
_921077
650 1 4 _aPintura latinoamericana
_xTemas, motivos
_921078
650 1 4 _aArte indígena
_xTemas, motivos
_zAmérica Latina
_921079
650 1 4 _aArte y sociedad
_zAmérica Latina
_921080
700 1 _aAlcalá, Luisa Elena
_eed.
_921081
700 1 _aBrown, Jonathan
_d1939-
_eed.
_95133
700 1 _aCuadriello, Jaime
_94695
942 _2lcc
_cB
999 _c8084
_d8084